000
00374nam a2200145Ia 4500
008
231129s2003||||xx |||||||||||||| ||spa||
020
_a
958-04-7573-3
040
_b
spa
082
_a
I823 G226i
100
_a
Gardner Graham
245
0
_a
Inventando a Elliot
260
_c
2003
264
_a
Grupo Editorial Norma
942
_2
ddc
_c
BKS
999
_c
15979
_d
15979